Представление документа в формате RUSMARC

ПолеНазваниеЗначение
  Тип записи a
  Библиографический уровень a
001 Контрольный номер RU/CBS_UL/BASE/37fa8592f050425591c6778dce2e6170
005 Дата корректировки 20240708183226.7
100 Данные общей обработки __
a Данные общей обработки 20240708 ||| 0rusy0189 ca
101 Язык документа 0_
a Язык текста rus
102 Страна публикации __
a Страна публикации RU
200 Заглавие и сведения об ответственности 1_
a Заглавие Юрий Нагибин: я расстегнул все пуговицы...
e Сведения, относящиеся к заглавию [о жизни и творчестве писателя Ю. Нагибина]
f Первые сведения об ответственности В. Недошивин
300 Общие примечания __
a Общие примечания 16+
461 Уровень набора _0
1 2000
a Родина
463 Уровень физической единицы _0
1 2000
a № 11
v С. 66-73 : фот., ил.
1 2101
d 2023
1 001RU/CBS_UL/BASE/aa159a031eed423f9cc0c498f874c03f
600 Персоналии _1
a Персоналии (Фамилия) Нагибин
b Персоналии (Имя, инициалы) Ю.М.
606 Тематические рубрики 0_
a Основная рубрика Нагибин, Юрий Маркович (1920-1994)
610 Ключевые слова 0_
a Ключевые слова писатели
610 Ключевые слова 0_
a Ключевые слова писатели русские
610 Ключевые слова 0_
a Ключевые слова судьбы
610 Ключевые слова 0_
a Ключевые слова судьбы людей
610 Ключевые слова 0_
a Ключевые слова двойственность натуры
610 Ключевые слова 0_
a Ключевые слова история литературы
610 Ключевые слова 0_
a Ключевые слова творческое закулисье
610 Ключевые слова 0_
a Ключевые слова литература и история
610 Ключевые слова 0_
a Ключевые слова история культуры
686 Индексы других классификаций __
2 Код системы rubbk
a Классификационный индекс 83.3(2Рос=Рус)6
700 Автор _1
a Фамилия Недошивин
b Имя (инициалы) В.
801 Источник записи _0
a Страна RU
b Организация МБУК ЦБС г. Ульяновска
c Дата составления 20240708
g Правила каталогизации RCR
801 Источник записи _1
a Страна RU
b Организация МБУК ЦБС г. Ульяновска
c Дата составления 20240708
g Правила каталогизации RCR
901 Тип документа __
t Тип документа b
w Контрольный № источника RU/CBS_UL/BASE/aa159a031eed423f9cc0c498f874c03f
909 Создатель записи __
a Создатель записи lib1